Christina Aguilera Songs - Sudden Death - Statistics

General Stats
  • This quiz has been taken 94 times
    27 since last reset
  • The average score is 7 of 19
Answers on the Grid
Answers color-coded by a green-red scale on the quiz's grid according to % correct below.
Beautiful
Piece by Piece
Let's Get Loud
Hurt
With You
Circus
Genie in a Bottle
Fall in Line
Everytime
Perfume
Me Against the Music
Reflection
My Prerogative
Criminal
All I Have
Fighter
Candyman
Dirrty
Bound To You
Hero
Accelerate
We Belong Together
Twice
Fall On Me
London Bridge
Can't Hold Us Down
Pipe
Breakdown
Ain't No Other Man
Spinning Around
Any Time, Any Place
Maria
Black Cat
Like I Do
In Your Eyes
Poison
Just a Fool
Wannabe
The Voice Within
 
Answer Stats
Answer % Correct
Genie in a Bottle
95%
Beautiful
90%
Dirrty
75%
Candyman
65%
Fighter
65%
Ain't No Other Man
60%
Hurt
55%
Reflection
45%
Can't Hold Us Down
35%
Just a Fool
25%
The Voice Within
25%
Fall in Line
20%
Bound To You
15%
Twice
15%
Accelerate
10%
Fall On Me
10%
Like I Do
10%
Pipe
10%
Maria
5%
No matching quizzes found
Score Distribution
Percent of People with Each Score
Percentile by Number Answered
Your Score History
You have not taken this quiz since the last reset